[Event "Cali Masificacion op U2050"]
[Site "Cali"]
[Date "2021.12.28"]
[Round "5"]
[White "Lopez Idarraga, Daniel Eduardo"]
[Black "Villaquiran, Miguel"]
[Result "1-0"]
[WhiteElo "2006"]
[BlackElo "1756"]
[PlyCount "89"]
[EventDate "2021.12.26"]
[EventType "swiss"]
[EventRounds "7"]
[EventCountry "COL"]
[SourceTitle "CBM 205 Extra"]
[Source "ChessBase"]
[SourceDate "2022.01.31"]
[SourceVersion "1"]
[SourceVersionDate "2022.01.31"]
[SourceQuality "1"]

1. d4 d5 2. Nf3 c6 3. e3 Nf6 4. c4 e6 5. Nc3 Bd6 6. Qc2 Nbd7 7. g4 b6 8. g5 Ng8 9. e4 Bb7 10. e5 Bb4 11. Bd2 Bxc3 12. Bxc3 c5 13. Rg1 Ne7 14. 0-0-0 Qc7 15. dxc5 bxc5 16. cxd5 Bxd5 17. Be2 Nb6 18. Kb1 Qb7 19. Nd2 Ng6 20. Bb5+ Bc6 21. Ne4 Nc4 22. Bxc6+ Qxc6 23. Qe2 Nb6 24. Rd6 Qc7 25. Qb5+ Kf8 26. Rc6 Qd8 27. Qxc5+ Kg8 28. Rd6 Qc8 29. Rc6 Qd8 30. Nd6 Nd5 31. Ba5 Qf8 32. Rc1 Nge7 33. Ra6 h6 34. h4 hxg5 35. hxg5 Rh5 36. Bd2 Kh7 37. Rxa7 Qb8 38. Rxa8 Qxa8 39. Nxf7 Nf5 40. Qc8 Qa4 41. g6+ Kxg6 42. Qxe6+ Nf6 43. exf6 Nd4 44. Rg1+ Kh7 45. Rxg7# 1-0

[Event "COL pre olympic sf3"]
[Site "Dosquebradas"]
[Date "2018.05.31"]
[Round "3"]
[White "Buitrago, Juan Carlos"]
[Black "Villaquiran, Miguel"]
[Result "1-0"]
[WhiteElo "2018"]
[BlackElo "1692"]
[PlyCount "63"]
[EventDate "2018.05.30"]
[EventType "swiss"]
[EventRounds "10"]
[EventCountry "COL"]
[SourceTitle "CBM 184 Extra"]
[Source "ChessBase"]
[SourceDate "2018.06.28"]
[SourceVersion "1"]
[SourceVersionDate "2018.06.28"]
[SourceQuality "1"]

1. d4 Nf6 2. c4 e6 3. Nc3 Bb4 4. Qc2 c5 5. dxc5 Qa5 6. Bd2 Na6 7. a3 Nxc5 8. Rd1 Bxc3 9. Bxc3 Qd8 10. f3 0-0 11. b4 Na6 12. e4 b6 13. Ne2 Ne8 14. Nd4 d6 15. Qf2 Bb7 16. Nb5 Qe7 17. Be2 Nac7 18. Nxc7 Nxc7 19. Qg3 e5 20. 0-0 Ne6 21. Rf2 f6 22. Bf1 Rfd8 23. Rfd2 Rd7 24. Bb2 Rad8 25. Qf2 Qf7 26. Qe3 f5 27. exf5 Qxf5 28. Bxe5 Bxf3 29. gxf3 Ng5 30. f4 Qg4+ 31. Kh1 Nf3 32. Be2 1-0

[Event "COL-ch U18"]
[Site "Cali"]
[Date "2018.04.11"]
[Round "2"]
[White "Villaquiran, Miguel"]
[Black "Torres Cueto, Jesus Marcial"]
[Result "0-1"]
[WhiteElo "1726"]
[BlackElo "2017"]
[PlyCount "84"]
[EventDate "2018.04.10"]
[EventType "tourn"]
[EventRounds "9"]
[EventCountry "COL"]
[SourceTitle "CBM 184 Extra"]
[Source "ChessBase"]
[SourceDate "2018.06.28"]
[SourceVersion "1"]
[SourceVersionDate "2018.06.28"]
[SourceQuality "1"]

1. d4 Nf6 2. c4 e6 3. Nc3 Bb4 4. e3 0-0 5. Bd3 c5 6. Nge2 cxd4 7. exd4 d5 8. a3 Be7 9. Nf4 dxc4 10. Bxc4 Bd6 11. Bd3 Nc6 12. Nfe2 a6 13. Bg5 h6 14. Bh4 Kh8 15. Bc2 Be7 16. Qd3 g6 17. Rd1 Nd5 18. Bg3 Bf6 19. h4 h5 20. Nxd5 exd5 21. Qd2 Kg7 22. Kf1 Re8 23. f3 Na5 24. Bd3 Bd7 25. b4 Nc4 26. Bxc4 dxc4 27. d5 Bf5 28. Kg1 Rc8 29. Nc3 Bd3 30. Bf2 Kh7 31. g4 Bxc3 32. Qxc3 Qxd5 33. Qf6 Rc6 34. Qf4 hxg4 35. h5 gxh5 36. Rxd3 cxd3 37. fxg4 Rg6 38. Rxh5+ Qxh5 39. Qxf7+ Kh6 40. Be3+ Rxe3 41. Qf4+ Qg5 42. Qf8+ Kh7 0-1

[Event "Cali Region-ch"]
[Site "Cali"]
[Date "2017.04.30"]
[Round "4"]
[White "Villaquiran, Miguel"]
[Black "Wagner, Alejandro"]
[Result "1/2-1/2"]
[WhiteElo "1616"]
[BlackElo "1772"]
[PlyCount "57"]
[EventDate "2017.04.28"]
[EventType "swiss"]
[EventRounds "7"]
[EventCountry "COL"]
[SourceTitle "CBM 178 Extra"]
[Source "ChessBase"]
[SourceDate "2017.06.22"]
[SourceVersion "1"]
[SourceVersionDate "2017.06.22"]
[SourceQuality "1"]

1. d4 d5 2. c4 c6 3. Nc3 Nf6 4. Nf3 dxc4 5. a4 Bf5 6. e3 e6 7. Bxc4 Bb4 8. 0-0 0-0 9. Re1 Ne4 10. Bd2 Nxd2 11. Nxd2 Qc7 12. Qe2 Nd7 13. e4 Bg6 14. h4 h6 15. h5 Bh7 16. Rac1 Qf4 17. g3 Qg5 18. e5 Bf5 19. Nde4 Qg4 20. f3 Qh3 21. Rf1 Bxe4 22. Nxe4 Qxh5 23. Rf2 Qg6 24. Bd3 f5 25. exf6 Nxf6 26. Nc5 Qxg3+ 27. Rg2 Qf4 28. Rc4 Bxc5 29. dxc5 1/2-1/2